Équipe de SL Benfica Champions League 2024/2025 - Statistiques

Statistiques générales
  • Ce quiz a été pris 160 fois
  • Le résultat moyen est 18 sur 24
Statistiques - réponses
Par images Réponse % Correct
Anatoliy Trubin
96%
Nicolás Otamendi
95%
Alexander Bah
93%
Ángel Di María
92%
Álvaro Carreras
91%
Tomás Araújo
91%
Renato Sanches
90%
Vangelis Pavlidis
89%
Florentino
87%
Orkun Kökçü
86%
Fredrik Aursnes
84%
Arthur Cabral
81%
Samuel Soares
79%
Andrea Belotti
78%
Zeki Amdouni
78%
Leandro Barreiro
75%
Samuel Dahl
74%
Kerem Aktürkoğlu
70%
Gianluca Prestianni
69%
Manu Silva
57%
Tiago Gouveia
54%
Andreas Schjelderup
53%
Adrian Bajrami
48%
Benjamin Rollheiser
41%
Aucun quiz correspondant
Distribution des résultats
% des personnes avec chaque résultat
Percentile par nombre de réponses
Votre historique - résultats
Vous n’avez pas pris ce quiz